| 000 | 01023nam a2200253 a 4500 | ||
|---|---|---|---|
| 001 | 000021360 | ||
| 005 | 20200930011316.0 | ||
| 008 | 100906s1977 cu r 000 e spa d | ||
| 040 |
_aDO-SdBNP _bspa _cBNPHU |
||
| 082 |
_a891.7 _bF898e |
||
| 100 | 1 |
_aFridlender, G.M. _944596 |
|
| 240 | 1 | 0 |
_aK. kritike metodologuicheskij kontseptsii sovremenovo buryuaznovo literaturovedenia. _lEspañol |
| 245 | 1 | 0 |
_aExamen crítico de estudios literarios burgueses / _cG.M. Fridlender ; prólogo, Elena Jorge. |
| 260 |
_aLa Habana : _bArte y Literatura, _c1977. |
||
| 300 |
_a103p. ; _c18 cm. |
||
| 490 | 1 | _aCuadernos de Arte y Sociedad | |
| 500 | _aIncluye referencias bibliográficas y notas al pie de las páginas | ||
| 534 |
_aTítulo del original en ruso: _tK. kritike metodologuicheskij kontseptsii sovremenovo buryuaznovo literaturovedenia |
||
| 650 | 4 |
_aEnsayos rusos _944597 |
|
| 650 | 4 |
_aLiteratura rusa _94743 |
|
| 700 | 1 |
_aJorge, Elena _epról. _944598 |
|
| 830 | 0 |
_aCuadernos de Arte y Sociedad _944599 |
|
| 049 | _aBNGR | ||
| 999 |
_c20860 _d20860 |
||